banner-ar

الاربعين حديثا النووية / (Record no. 52568)

MARC details
000 -الفاتح
حقل البيانات ثابتة الطول 00602nam a2200169Ia 4500
008 - عناصر البيانات ثابتة الطول - معلومات عامة
حقل البيانات ثابتة الطول 140319s9999 xx 000 0 ara d
040 ## - مصدر الفهرسة
وكالة الفهرسة الأصلية GCL /
وكالة النسخ GCL
082 04 - رقم تصنيف ديوى العشرى
رقم التصنيف 230
رقم المادة ى ا
100 1# - المدخل الرئيسى - إسم شخصى
الإسم الشخصى النووى، يحيى بن شرف بن مرى الدمشقى، 1233-1278 م
245 10 - بيان العنوان
العنوان الاربعين حديثا النووية /
بيان المسئوليه,etc النووى، يحيى بن شرف بن مرى الدمشقى، 1233-1278 م
260 ## - PUBLICATION, DISTRIBUTION, ETC. (IMPRINT)
تاريخ النشر أو التوزيع 1988
300 ## - الوصف المادى
التعداد 52 ص
490 ## - بيان السلسلة
عنوان السلسلة
650 04 - المدخل الاضافى بالموضوع-مصطلح موضوعى
مصطلح موضوعي الاحاديث النبوية
942 ## - عناصر المدخل الإضافي( كوها)
مصدر التصنيف او مخطط الترفيف Dewey Decimal Classification
Koha [default] item type كتاب
260 ## - PUBLICATION, DISTRIBUTION, ETC. (IMPRINT)
-- [S.N] :
-- مكتبة التراث الاسلامى ،
Holdings
حالة التراجع حالة الفقد حالة تلف ليس للاعارة المكان المؤقت الموقع الحالى تاريخ الاكتساب اجمالي اﻻعارات رقم الطلب الباركود تاريخ اخر مشاهدة تاريخ تفعيل السعر نوع وعاء كوها
        مكتبة القاهرة الكبرى مكتبة القاهرة الكبرى 03/26/2014   230\ى ا 125937 03/26/2014 03/26/2014 كتاب

Powered By

EGPV